01116nam a22003377a 450000500170000000800410001702000180005804100080007608200140008410000310009824500910012926000150022026000090023526000090024430000180025349000480027149000300031950501500034965000270049965000240052665000220055065000220057265000240059465000270061865000290064565000260067465000150070094200120071599900150072795200360074220250819141755.0150304b2012 xxu||||| |||| 00| 0 spa d a9789977135298 aESP a342 G652t aGordillo, Agustín914494 aTratado de derecho administrativo. Tomo 2: la defensa del usuario y del administrativo aCosta Rica bIJSA c2012 a780 páginas aDirección y Administración de Empresas  aInvestigación Criminal  aTomo 1: parte general Tomo 2: la defensa del usuario y del administrado Tomo 3: el acto administrativo Tomo 4: el procedimiento administrativo aDERECHO ADMINISTRATIVO aLEGÍTIMA DEFENSA  aDERECHO COLECTIVO aDERECHO SUBJETIVO aAUDIENCIA PÚBLICA aLICITACIÓN PÚBLICA aARBITRAJE ADMINISTRATIVO aRESPONSABILIDAD CIVIL aCOSTA RICA cBK2ddc c3670d3670 o342 G652tp19055xDAE x ICyBK